1687 1468 1676 1560 1943 1934 1514 1381 1627 1802 1041 1429 1163 1604 1338 1108 1841 1543 1196 1471 1362 1154 1305 1788 1102 1206 1294 1677 1227 1850 1658 1591 1534 1014 1236 1870 1891 1474 1560 1127 1851 1805 1969 1603 1764 1762 1409 1920 1487 1673 1420 1322 1567 1506 1058 1788 1968 1054 1075 1131 1109 1260 1246 1462 1113 1458 1679 1844 1577 1372 1984 1545 1754 1886 1257 1668 1911 1886 1108 1892 1483 1756 1130 1408 1949 1343 1941 1883 1488 1524 1786 1112 1120 1855 1346 1451 1096 1992 1806 BCNSPRNW ULIB Ver.6.0+V

เปลี่ยนเป็นภาษาไทย

Change to English
 แสดงรายละเอียดบรรณานุกรม
  กลับหน้าหลัก

Brief Record : Get Marc (ISO 2709) : E-mail record : QR code < ปิดหน้าต่าง
LEADER : 00000nam 2200000uu 4500
001    13399127092
003     ULIB
008    191010s2560||||th 000 0 tha d
020    ^a9786162321627
060    ^aWS103^bฌ-ด
100    ^aเฌอ
245    ^aบ้านสวนริมคลอง นิทานคำสอนของพ่อ (หลวง) ชุดที่ ่ 1 เล่ม 4 (สองภาษา ไทย-อังกฤษ)
250    ^aพิมพ์ครั้งที่ 1
260    ^aกรุงเทพฯ :^bบริษัท บีเวล พับลิชชิ่ง จำกัด,^c2560
300    ^a12 หน้า;^b19 ซม.
650    ^aเด็ก^xการเรียนการสอน
945    ^p35^l0^i006280
999    ^aประนอม เกษจรัล
รายการนี้ยังไม่มีแท็ก
คุณยังไม่ได้ล็อกอิน คุณสามารถมีกิจกรรมร่วมกับเว็บไซต์ได้ แต่ต้องล็อกอินก่อน ::
  ล็อกอิน

รายการสื่อสารสนเทศ

ลำดับที่ ประเภท เลขเรียก/บาร์โค้ด สถานที่ สถานะ
1. วิทยาศาสตร์การแพทย์ และสุขภาพ
วิทยาศาสตร์การแพทย์ และสุขภาพ
WS103 ฌ-ด ฉ.1 
  Barcode: 006280
ห้องสมุดวิทยาเขตสวรรค์ประชารักษ์
►หนังสือทั่วไป
บนชั้น

รายการใกล้เคียง
    ผู้แต่ง [เฌอ]

BibComment


ยังไม่เคยถูกคอมเมนท์

คอมเมนท์ทรัพยากรรายการนี้
  คอมเมนท์: บ้านสวนริมคลอง น..


 Copyright 2026. Bcnsprnw @Library